000 00640nam a22002057a 4500
999 _c12702
_d12702
003 MIRAKIL
005 20190206154305.0
008 190206b tu ||||| |||| 00| 0 tur d
020 _a97545845583
040 _aTR-AnCHP
_cTR-AnCHP
041 _atur
082 _a814.42
_bK87y 2003
100 _aKutlar, Onat
245 1 0 _aYeter ki kararmasın/
_cOnat Kutlar.
260 _aİstanbul:
_bTürkiye İş Bankası Kültür Yayınları,
_c2003.
300 _a106 s.
_c19 sm.
490 0 _aTürkiye İş Bankası Kültür Yayınları;
_aEdebiyat dizisi;
_vgenel yayın:695
_v284.
650 0 _919
_aTürk edebiyatı
_xDeneme
942 _2ddc
_cBKS